LEADER 01066nam a2200265 i 4500 001 000000159319 003 CaOOAMICUS 005 20070223000000.0 008 070223s1984 it u000 u ita u 013 $a136682 040 $aSeMil$bita 100 1 $aKotnik, Dara.$0(OLS)http://semarc/name/41765 245 10$aElisabetta d'Inghilterra :$buna donna al potere /$cDara Kotnik. 260 $aMilano :$bRusconi,$c1984. 300 $a277 p., [12] p. di tav. :$bill. ;$c22 cm. 490 0 $aLa storia 500 $aFondo Card. Giovanni Colombo. 600 04$aElisabetta I : Tudor .$0(OLS)http://semarc/subject/17148 830 3$aLa storia [Rusconi].$0(OLS)http://semarc/title/9248 850 $aSeMil 852 $aSeMil$W1$xVenegono$y1$m1O I 104$j110877$B110877$CSeMilBibl$Z2$F120488 $81 941 1 $a3 961 $aLascito: Colombo Card. Giovanni 996 $6245$aElisabetta d'Inghilterra :$buna donna al potere$9(OLS)http://semarc/title/141233 996 $6260$aMilano :$bRusconi$9(OLS)http://semarc/publisher/30258 LEADER 01259nam a2200229 i 4500 001 000000227128 003 CaOOAMICUS 005 20140214000000.0 008 140214s1750 it u000 u ita u 013 $a206030 026 $a7371 e.r- n-e- Chde (3) 1750 (R) 040 $aSeMil$bita 245 10$aTomo 6. 300 $a[4], 590, [2] p. 500 $aSegn. : pg2 A-2O8. - Fondo Card. C.M. Martini. 773 0 $aCalmet, Augustin $tTesoro delle antichità sacre e profane tratto da' comenti del reverendo padre D. Agostino Calmet abbate benedettino sopra la Sacra Scrittura e dato in luce da Lamberto Gaetano Ponsanpieri sacerdote e patrizio lucchese. Tomo 1. [-6.].$dIn Verona ed in Venezia : Per Dionisio Ramanzini libraio a S. Tomio e Francesco Pitteri libraio in Merzeria, 1741-1750.$bSeconda edizione ordinata e corretta, ed accresciuta particolarmente della Biblioteca Sacra del medesimo autore$g6$w()30057 850 $aSeMil 852 $aSeMil$W1$xVenegono$y1$m2W VII 6 FA$j177474$B177474$CSeMilBibl$Z2$F188324 $8I 852 $aSeMil$W1$xVenegono$y1$m2V III 30 FA$j231504$B240386$CSeMilBibl$Z2$F240386 $81 941 1 $a4 961 $aOmaggio: Martini Card. Carlo Maria 996 $6245$aTomo 6$9(OLS)http://semarc/title/194410